El proyecto de Jesús
Uloženo v:
| Hlavní autor: | |
|---|---|
| Další autoři: | |
| Médium: | Kniha |
| Jazyk: | španělština |
| Vydáno: |
Salamanca
Sígueme
1985
|
| Vydání: | 1a. ed |
| Edice: | Colección Verdad e Imagen, 94
|
| Témata: | |
| Tagy: |
Přidat tag
Žádné tagy, Buďte první, kdo vytvoří štítek k tomuto záznamu!
|
MARC
| LEADER | 00000cam a2200000 a 4500 | ||
|---|---|---|---|
| 001 | UCW9605 | ||
| 003 | CL-VaPUC | ||
| 008 | 890524e19850000SP |||||||||||||||||spa|d | ||
| 020 | |a 8430109722 | ||
| 082 | 0 | 4 | |a 232 |b CAS |2 21 |
| 100 | |a Castillo, José María |e autor |9 314913 | ||
| 700 | |a Estrada, Juan Antonio |e autor |9 314914 | ||
| 245 | 1 | 3 | |a El proyecto de Jesús |
| 250 | |a 1a. ed | ||
| 300 | |a 118 p | ||
| 942 | |c BK | ||
| 945 | |d 19890524 00:00:00 | ||
| 260 | |a Salamanca |b Sígueme |c 1985 | ||
| 600 | 0 | |a Jesús |9 313614 | |
| 583 | |a last modification |c 20171128 05:15:01 |k Rodrigo Vera | ||
| 490 | 0 | |a Colección Verdad e Imagen, 94 | |
| 999 | |c 221522 |d 221520 | ||
| 952 | |0 0 |1 0 |4 0 |6 232_000000000000000_CAS_1985 |7 0 |8 A |9 214954 |a BIBTEO |b BIBTEO |d 2019-11-15 |i 2835258 |o 232 CAS 1985 |p 2835258 |r 2025-01-17 |w 2019-11-15 |y BK |k ICR | ||
| 952 | |0 0 |1 0 |4 0 |6 232_000000000000000_CAS_1985 |7 0 |8 A |9 214955 |a BIBTEO |b BIBTEO |d 2019-11-15 |i 3421643 |l 1 |o 232 CAS 1985 |p 3421643 |r 2025-01-17 |s 2024-05-20 |w 2019-11-15 |y BK |k ICR | ||
| 952 | |0 0 |1 0 |3 erb |4 0 |6 232_000000000000000_CAS_1985 |7 0 |8 A |9 214956 |a BIBTEO |b BIBTEO |i 5439612 |o 232 CAS 1985 |p 5439612 |r 2025-01-17 |w 2019-11-15 |y BK |z Catalogado en:20171201 |k ICR | ||